[Event "San Francisco TNM Winter op"]
[Site "San Francisco"]
[Date "2015.01.13"]
[Round "2"]
[White "Cheung, Aaron"]
[Black "Walder, Michael S"]
[Result "0-1"]
[WhiteElo "1748"]
[BlackElo "2154"]
[PlyCount "56"]
[EventDate "2015.01.06"]
[EventType "swiss"]
[EventRounds "8"]
[EventCountry "USA"]
[SourceTitle "EXT 2016"]
[Source "ChessBase"]
[SourceDate "2015.10.08"]
[SourceVersion "1"]
[SourceVersionDate "2015.10.08"]
[SourceQuality "1"]

1. e4 c5 2. Nf3 d6 3. Nc3 Nc6 4. d4 cxd4 5. Nxd4 Nf6 6. Bc4 Qb6 7. Nb3 e6 8. Be3 Qc7 9. 0-0 a6 10. a4 b6 11. f3 Be7 12. Nd4 0-0 13. Bb3 Na5 14. Re1 Nxb3 15. Nxb3 Bd7 16. Qd4 Rab8 17. Qd3 b5 18. a5 Rfc8 19. Rac1 b4 20. Ne2 Bb5 21. Qd2 d5 22. Bb6 Qb7 23. Ng3 Rc4 24. Nd4 Nd7 25. b3 Nxb6 26. Nxb5 Rc5 27. axb6 Rxb5 28. Qd4 Bc5 0-1

[Event "San Francisco TNM Fall op"]
[Site "San Francisco"]
[Date "2014.12.16"]
[Round "8"]
[White "Cheung, Aaron"]
[Black "Sherwood, Peter"]
[Result "1-0"]
[WhiteElo "1597"]
[BlackElo "1722"]
[PlyCount "165"]
[EventDate "2014.10.21"]
[EventType "swiss"]
[EventRounds "8"]
[EventCountry "USA"]
[SourceTitle "EXT 2016"]
[Source "ChessBase"]
[SourceDate "2015.10.08"]
[SourceVersion "1"]
[SourceVersionDate "2015.10.08"]
[SourceQuality "1"]

1. e4 c5 2. Nf3 d6 3. Nc3 Nf6 4. d4 cxd4 5. Nxd4 a6 6. Bg5 e6 7. Bc4 Be7 8. 0-0 b5 9. Bd3 Bb7 10. Re1 Nbd7 11. a3 Nc5 12. Qe2 Nxd3 13. cxd3 0-0 14. Rac1 Rc8 15. Nf3 Nd7 16. Bxe7 Qxe7 17. b4 Rc7 18. Nd5 Bxd5 19. Rxc7 Ba8 20. Rec1 Qd8 21. R7c3 h6 22. Qc2 Nb6 23. h3 Qf6 24. Kf1 Kh7 25. Rc7 g5 26. Ra7 Rc8 27. Rc7 Rg8 28. e5 dxe5 29. Nxe5 Rg7 30. d4+ Kh8 31. Rc8+ Nxc8 32. Qxc8+ Rg8 33. Qxa6 Qf4 34. Re1 h5 35. Qd6 Qf5 36. Qd7 Rg7 37. Qe8+ Rg8 38. Qxf7 Bd5 39. Qxf5 exf5 40. Rc1 Ra8 41. Rc7 Bc4+ 42. Nxc4 bxc4 43. Rxc4 Rxa3 44. Kg1 Kg7 45. b5 Rb3 46. Rc5 Kf6 47. Rc6+ Ke7 48. b6 f4 49. Rc7+ Kd8 50. Rb7 Kc8 51. Rg7 Rb5 52. Kh2 h4 53. Rc7+ Kb8 54. Rc5 Rxb6 55. Rxg5 Rd6 56. Rg4 Rxd4 57. Rxh4 Kc7 58. g3 fxg3+ 59. Kxg3 Rd7 60. Re4 Rf7 61. f4 Kd6 62. h4 Kd5 63. Re1 Rg7+ 64. Kf3 Rh7 65. Kg4 Rg7+ 66. Kf5 Rf7+ 67. Kg6 Rxf4 68. Kg5 Rf8 69. h5 Rg8+ 70. Kh6 Rh8+ 71. Kg6 Rg8+ 72. Kh7 Rg5 73. h6 Kd6 74. Re8 Rh5 75. Kg6 Rh2 76. h7 Rg2+ 77. Kf5 Rf2+ 78. Kg4 Rh2 79. h8Q Rxh8 80. Rxh8 Ke5 81. Rf8 Ke6 82. Kg5 Ke7 83. Rf1 1-0

[Event "San Francisco TNM Fall op"]
[Site "San Francisco"]
[Date "2014.11.18"]
[Round "4"]
[White "Cheung, Aaron"]
[Black "Shakhnazarov, Oleg"]
[Result "0-1"]
[WhiteElo "1597"]
[BlackElo "2154"]
[PlyCount "54"]
[EventDate "2014.10.21"]
[EventType "swiss"]
[EventRounds "8"]
[EventCountry "USA"]
[SourceTitle "EXT 2016"]
[Source "ChessBase"]
[SourceDate "2015.10.08"]
[SourceVersion "1"]
[SourceVersionDate "2015.10.08"]
[SourceQuality "1"]

1. e4 e6 2. d4 d5 3. exd5 exd5 4. Nf3 Nf6 5. Nc3 Be7 6. Be2 0-0 7. 0-0 c6 8. Bf4 Ne4 9. Nxe4 dxe4 10. Ne5 Nd7 11. Bc4 Nb6 12. Bb3 Nd5 13. Bg3 f6 14. Nc4 b5 15. Ne3 Kh8 16. c3 f5 17. Nxd5 cxd5 18. Be5 f4 19. Qh5 Rf5 20. Qe2 a6 21. Kh1 Be6 22. Bc2 Rf7 23. a3 Qd7 24. Rg1 Bg4 25. f3 Bh5 26. g4 fxg3 27. Qg2 Bxf3 0-1